Pinzellades sobre l'obra de Francesc Viñas : Lliga Defensa de l'Arbre Fruiter Lliga Defensa de l'Arbre Fruiter
Descripción Física:
46 p. : il. ; 22 cm
Colección:
Quaderns de la Fundació Francesc Sagrera ; 6
MARC
| LEADER | 00000nam a2200000Ia 4500 | ||
|---|---|---|---|
| 001 | 11723 | ||
| 003 | BGR | ||
| 005 | 20260324175554.0 | ||
| 008 | 160829s1997 xx 000 0 cat d | ||
| 080 | |a FU-13-24 | ||
| 245 | |a Pinzellades sobre l'obra de Francesc Viñas : |b Lliga Defensa de l'Arbre Fruiter | ||
| 260 | |a Moià : |b Fundació Francesc Sagrera, |c 1997 | ||
| 300 | |a 46 p. : |b il. ; |c 22 cm | ||
| 490 | |a Quaderns de la Fundació Francesc Sagrera ; 6 | ||
| 600 | 1 | 0 | |a Viñas, Francesc, |d 1863-1933 |9 43210 |
| 650 | |a Cantants |x Moià |x Biografia |9 33135 | ||
| 650 | |a Lliga Defensa de l'Arbre Fruiter (Moià) |9 33136 | ||
| 710 | 2 | |a Fundació Francesc Sagrera |9 70918 | |
| 901 | |a Arxiu | ||
| 942 | |n 1 |2 udc |c MON | ||
| 952 | |0 0 |1 0 |4 0 |6 FU1324 |7 1 |9 46209 |a Arxiu |b Arxiu |d 2016-12-01 |l 0 |o FU-13-24 |p 11723 |r 2016-12-01 00:00:00 |w 2016-12-01 |y ARXIU | ||
| 999 | |c 49711 |d 49711 | ||